000 00808nam a2200229 i 4500
001 125171
003 ES-MaACL
005 20250809112659.0
007 t|
008 070507s1935 sp ||||1| spa d
100 1 _aRamos de Castro, Francisco.
_995304
245 1 0 _a¿Por qué te casas, Perico?
_b: comedia cómica en tres actos /
_cF. Ramos de Castro, José L. Mayral ; dibujos de Antonio Merlo.
260 _aMadrid :
_bRivadeneyra,
_c1935.
300 _a79 p. :
_bil. ;
_c17 cm.
490 1 _aFarsa ;
_v419
500 _aEstrenada el día 28 de febrero de 1935 en el Teatro María Isabel de Madrid.
700 1 _aMayral, J. L.,
_d1893-1941
_979441
700 1 _aMerlo, Antonio.
_980579
830 0 _aFarsa ;
_v419
_9186562
852 _aES-MaACL
_j2219-F-5
_bR.140669
999 _c125171
_d125171